| 000 | 00873cab a2200277 4500 | ||
|---|---|---|---|
| 001 | ABS56353 | ||
| 008 | 090401t1996 xxu||||| |||| 00| 0 eng d | ||
| 035 | _a(Sirsi) u23060 | ||
| 041 | _aeng | ||
| 100 | _aClark, S. | ||
| 245 | _aPFI and local authorities : the property implications | ||
| 260 | _c1996 | ||
| 350 | _a0 | ||
| 490 |
_aSolicitors` Journal _v140(7) 13 December 1996, 1202-1203(2) |
||
| 520 | _aAnalyses the potential impact of government efforts to extend the private finance initiative into local government. | ||
| 650 | _aDBFO SCHEMES | ||
| 650 | _aDESIGN BUILD FINANCE AND OPERATE | ||
| 650 | _aLOCAL AUTHORITIES | ||
| 650 | _aLOCAL GOVERNMENT | ||
| 650 | _aNOTIONAL CREDIT APPROVAL | ||
| 650 | _aPFI | ||
| 650 | _aPRIVATE FINANCE INITIATIVE | ||
| 690 | _aPROPERTY-PROPERTY FINANCE AND INVESTMENT | ||
| 942 | _n0 | ||
| 948 | _c04/03/1997 | ||
| 999 |
_c15452 _d15452 |
||